NBA Players by Team History #2 - Statistics

General Stats
  • This quiz has been taken 127 times
  • The average score is 7 of 15
Answer Stats
Teams Player % Correct
Raptors, Nets, Magic, Suns, Mavericks, Grizzlies, Kings, Hawks Vince Carter
82%
Pacers, Thunder, Clippers, 76ers Paul George
76%
Bobcats, Hornets, Celtics, Knicks, Mavericks Kemba Walker
68%
Bulls, Timberwolves, 76ers, Heat, Warriors Jimmy Butler
67%
Trail Blazers, Spurs, Nets LaMarcus Aldridge
62%
Bulls, Knicks, Cavaliers, Timberwolves, Pistons, Knicks, Grizzlies Derrick Rose
51%
Lakers, Nets, Warriors, Timberwolves, Lakers, Nets D’Angelo Russell
50%
Magic, Thunder, Pacers, Rockets, Heat Victor Oladipo
45%
Braves, Rockets, 76ers, Bullets, Hawks, Bucks, 76ers Moses Malone
38%
Bulls, Clippers, 76ers, Mavericks, Hawks, 76ers Elton Brand
29%
Knicks, Nuggets, Clippers, Thunder, Hawks, Wizards, Pistons, Bucks Danilo Gallinari
23%
Kings, Bobcats, Trail Blazers, Nets, Celtics Gerald Wallace
23%
Celtics, Suns, Hawks, Nets, Heat, Jazz, Rockets Joe Johnson
23%
Kings, Pacers, Hornets, Raptors, Mavericks Peja Stojakovic
19%
Bulls, Hornets, Bobcats, Mavericks, Knicks, Mavericks, Suns, Lakers, Rockets Tyson Chandler
19%
No matching quizzes found
Score Distribution
Percent of People with Each Score
Percentile by Number Answered
Your Score History
You have not taken this quiz